<?xml version="1.0" encoding="UTF-8"?>
<record
    xmlns:xsi="http://www.w3.org/2001/XMLSchema-instance"
    xsi:schemaLocation="http://www.loc.gov/MARC21/slim http://www.loc.gov/standards/marcxml/schema/MARC21slim.xsd"
    xmlns="http://www.loc.gov/MARC21/slim">

  <leader>00951nam a22001697a 4500</leader>
  <controlfield tag="003">SGT</controlfield>
  <datafield tag="020" ind1=" " ind2=" ">
    <subfield code="a">9789332500334</subfield>
  </datafield>
  <datafield tag="082" ind1=" " ind2=" ">
    <subfield code="a">658.4,ROB</subfield>
  </datafield>
  <datafield tag="100" ind1=" " ind2=" ">
    <subfield code="a">ROBBINS</subfield>
  </datafield>
  <datafield tag="245" ind1=" " ind2=" ">
    <subfield code="a">ORGANISATIONAL BEHAVIOR  </subfield>
  </datafield>
  <datafield tag="250" ind1=" " ind2=" ">
    <subfield code="a">5TH </subfield>
  </datafield>
  <datafield tag="260" ind1=" " ind2=" ">
    <subfield code="a">NEW DELHI </subfield>
    <subfield code="b">PEARSON </subfield>
    <subfield code="c">2013</subfield>
  </datafield>
  <datafield tag="300" ind1=" " ind2=" ">
    <subfield code="a">672</subfield>
  </datafield>
  <datafield tag="650" ind1=" " ind2=" ">
    <subfield code="a">MANAGEMENT </subfield>
  </datafield>
  <datafield tag="653" ind1=" " ind2=" ">
    <subfield code="a">TABLE OF CONTENT INTRODUCTION 1 WHAT IS ORGANIZATIONAL BEHAVIOR? THE INDIVIDUAL 2 DIVERSITY IN ORGANIZATIONS  3 ATTITUDES AND JOB SATISFACTION  4 EMOTIONS AND MOODS  5 PERSONALITY AND VALUES  6 PERCEPTION AND INDIVIDUAL DECISION MAKING  7 MOTIVATION CONCEPTS  8 MOTIVATION: FROM CONCEPTS TO APPLICATIONS THE GROUP 9 FOUNDATIONS OF GROUP BEHAVIOR  10 UNDERSTANDING WORK TEAMS  11 COMMUNICATION  12 LEADERSHIP  13 POWER AND POLITICS  14 CONFLICT AND NEGOTIATION  15 FOUNDATIONS OF ORGANIZATION STRUCTURE THE ORGANIZATION SYSTEM 16 ORGANIZATIONAL CULTURE  17 ORGANIZATIONAL CHANGE AND STRESS MANAGEMENT   </subfield>
  </datafield>
  <datafield tag="942" ind1=" " ind2=" ">
    <subfield code="2">ddc</subfield>
    <subfield code="c">FCM</subfield>
    <subfield code="0">34</subfield>
  </datafield>
  <datafield tag="952" ind1=" " ind2=" ">
    <subfield code="0">0</subfield>
    <subfield code="1">0</subfield>
    <subfield code="2">ddc</subfield>
    <subfield code="4">0</subfield>
    <subfield code="7">0</subfield>
    <subfield code="8">CM</subfield>
    <subfield code="a">SSSL</subfield>
    <subfield code="b">SSSL</subfield>
    <subfield code="c">TXT</subfield>
    <subfield code="d">2016-06-15</subfield>
    <subfield code="e">SPARSH BOOK GALLERY </subfield>
    <subfield code="g">825.00</subfield>
    <subfield code="i">SGTU</subfield>
    <subfield code="l">38</subfield>
    <subfield code="o">658.4,ROB</subfield>
    <subfield code="p">CM456</subfield>
    <subfield code="r">2025-11-20 00:00:00</subfield>
    <subfield code="s">2025-11-20</subfield>
    <subfield code="w">0000-00-00</subfield>
    <subfield code="y">FCM</subfield>
    <subfield code="k">1285</subfield>
  </datafield>
  <datafield tag="952" ind1=" " ind2=" ">
    <subfield code="0">0</subfield>
    <subfield code="1">0</subfield>
    <subfield code="2">ddc</subfield>
    <subfield code="4">0</subfield>
    <subfield code="7">0</subfield>
    <subfield code="8">CM</subfield>
    <subfield code="a">SSSL</subfield>
    <subfield code="b">SSSL</subfield>
    <subfield code="c">TXT</subfield>
    <subfield code="d">2016-06-15</subfield>
    <subfield code="e">SPARSH BOOK GALLERY </subfield>
    <subfield code="g">825.00</subfield>
    <subfield code="i">SGTU</subfield>
    <subfield code="l">56</subfield>
    <subfield code="m">2</subfield>
    <subfield code="o">658.4,ROB</subfield>
    <subfield code="p">CM457</subfield>
    <subfield code="r">2026-02-19 00:00:00</subfield>
    <subfield code="s">2026-02-05</subfield>
    <subfield code="w">0000-00-00</subfield>
    <subfield code="y">FCM</subfield>
    <subfield code="k">1285</subfield>
  </datafield>
  <datafield tag="999" ind1=" " ind2=" ">
    <subfield code="c">9049</subfield>
    <subfield code="d">9049</subfield>
  </datafield>
</record>
